Reliez les duos d'acteurs à leurs films #2 - Statistiques

Statistiques générales
  • Ce quiz a été pris 100 fois
  • Le résultat moyen est 10 sur 22
Statistiques - réponses
Hint Réponse % Correct
Astérix et Obélix : Au service de sa majesté Gérard Depardieu et Catherine Deneuve
72%
Love, etc Charlotte Gainsbourg et Yvan Attal
66%
Ma femme est une actrice Charlotte Gainsbourg et Yvan Attal
58%
Max et les Ferrailleurs Romy Schneider et Michel Piccoli
58%
Cuisine et Dépendances Jean-Pierre Bacri et Agnès Jaoui
56%
Le Dernier Métro Gérard Depardieu et Catherine Deneuve
55%
Un air de famille Jean-Pierre Bacri et Agnès Jaoui
54%
Potiche Gérard Depardieu et Catherine Deneuve
49%
Le Goût des autres Jean-Pierre Bacri et Agnès Jaoui
48%
On connaît la chanson Jean-Pierre Bacri et Agnès Jaoui
47%
Au bout du conte Jean-Pierre Bacri et Agnès Jaoui
46%
Ils se marièrent et eurent beaucoup d'enfants Charlotte Gainsbourg et Yvan Attal
45%
Mon chien Stupide Charlotte Gainsbourg et Yvan Attal
45%
Les Choses de la vie Romy Schneider et Michel Piccoli
42%
Fort Saganne Gérard Depardieu et Catherine Deneuve
41%
Bonne Pomme Gérard Depardieu et Catherine Deneuve
33%
Son épouse Charlotte Gainsbourg et Yvan Attal
32%
Je vous aime Gérard Depardieu et Catherine Deneuve
27%
Drôle d'endroit pour une rencontre Gérard Depardieu et Catherine Deneuve
22%
Les Cent et une nuits de Simon Cinéma Gérard Depardieu et Catherine Deneuve
21%
Les Temps qui changent Gérard Depardieu et Catherine Deneuve
20%
Le Choix des armes Gérard Depardieu et Catherine Deneuve
19%
Aucun quiz correspondant
Distribution des résultats
% des personnes avec chaque résultat
Percentile par nombre de réponses
Votre historique - résultats
Vous n’avez pas pris ce quiz